| 000 | 01091nam a2200265 a 4500 | ||
|---|---|---|---|
| 001 | MEB025883 | ||
| 003 | PILC | ||
| 005 | 20150309090456.0 | ||
| 008 | |||
| 020 | _a9810699565 | ||
| 050 |
_aRG 951 _b.L124 2006 |
||
| 100 | _aLadewig, Patricia A. | ||
| 245 | 1 | 2 |
_aA clinical handbook for contemporary maternal-newborn nursing / _cPatricia A. Ladewig, Maria L. London and Michele R. Davidson. |
| 250 | _a6th ed. | ||
| 260 |
_aSingapore : _bPearson Education South Asia Pte Ltd., _cc2006. |
||
| 300 |
_avi, 471 pages : _billustrations ; _c13 cm. |
||
| 500 | _aIncludes index. | ||
| 505 |
_g1 The Anterpartal Client -- _t2 The At-Risk Anterpartal Client -- _t3 The Intrapartal Client -- _t5 The Normal Newborn -- _t6 The At-Risk Newborn -- _t7 The Postpartal Client -- _t8 Family Planning -- _t9 Home Care of the Postpartal Family -- _t10 The At-Risk Postpartal Client. |
||
| 521 | _aNursing | ||
| 650 | _aMaternity nursing. | ||
| 650 | _aMaternal-Child Nursing. | ||
| 700 | _aDavidson, Michele R. | ||
| 700 | _aLondon, Maria L. | ||
| 942 |
_2lcc _cBK |
||
| 999 |
_c283747 _d283747 |
||